000 00411nam a22001457a 4500
022 _a9788131302620
082 _a628.3
_bGOP
_cL-40, P-81
100 _aDr Krishna Gopal
_944189
245 _aWater and waste water/
260 _aNew Dehli:
_bA.P.H Publishing corporation,
_cc2007
300 _aix, 173 p,;
_bgarph;,
_c19cm
526 _a0
_b0
_c0
_d628_300000000000000_GOP
650 _aMCE
_9379
942 _2ddc
_cBK
999 _c548007
_d548007